Držíte krok s trendy v odměňování?

Zmeny v odmeňovaní pracovníkov v Českej republike od r. 1989. Výkonnostné odmeňovanie. Nárast variabilného odmeňovania. Otázka spravodlivosti pri odmeňovaní. Zamestnanecké výhody ako forma odmeňovania. Nárast miezd v percentách za obdobie r. 1998-2005.

Saved in:
Bibliographic Details
Main Author: Bardyová, Jana
Format: Book Chapter
Language:Czech
Subjects:
Tags: Add Tag
No Tags, Be the first to tag this record!

MARC

LEADER 00000naa$a2200000$$$4500
001 0041179
005 20231019113521.7
041 0 |a cze 
044 |a CZ 
245 1 0 |a Držíte krok s trendy v odměňování?  |c Jana Bardyová 
520 |a Zmeny v odmeňovaní pracovníkov v Českej republike od r. 1989. Výkonnostné odmeňovanie. Nárast variabilného odmeňovania. Otázka spravodlivosti pri odmeňovaní. Zamestnanecké výhody ako forma odmeňovania. Nárast miezd v percentách za obdobie r. 1998-2005. 
610 2 0 |a odmeňovanie 
610 2 0 |a mzdy 
610 2 0 |a zamestnávatelia 
610 2 0 |a zamestnanci 
610 2 0 |a manažéri 
610 2 0 |a práca 
610 2 0 |a produktivita 
610 2 0 |a odbornosť 
610 2 0 |a hodnota trhová 
610 2 0 |a Česko 
100 1 |a Bardyová, Jana